Συγκομιδή γ' : η τελευταία συγκομιδή 1984-1986
Αποθηκεύτηκε σε:
| Κύριος συγγραφέας: | |
|---|---|
| Μορφή: | Βιβλίο |
| Γλώσσα: | Greek |
| Δημοσίευση: |
Κύπρος :
[χ.ό.],
1987
|
| Θέματα: | |
| Ετικέτες: |
Προσθήκη ετικέτας
Δεν υπάρχουν, Καταχωρήστε ετικέτα πρώτοι!
|
MARC
| LEADER | 00000nam a2200000 i 4500 | ||
|---|---|---|---|
| 001 | 1/82549 | ||
| 008 | 970311s1987 gre d | ||
| 020 | |z 9963-7566-2-8 | ||
| 035 | |a 1992 |b 3 |c Δωρεά |l 10033978 | ||
| 040 | |a GR-MY-UA |b gre |e aacr | ||
| 041 | 0 | |a gre | |
| 082 | 0 | |a 889.14 | |
| 100 | 1 | |a Λυσιώτης, Ξάνθος, |d 1898-1987. | |
| 245 | 1 | 0 | |a Συγκομιδή γ' : |b η τελευταία συγκομιδή 1984-1986 / |c Ξάνθου Λυσιώτη |
| 260 | |a Κύπρος : |b [χ.ό.], |c 1987 | ||
| 300 | |a 3 τ. | ||
| 650 | 0 | 0 | |a Cyprian poetry |x Collections. |
| 740 | 0 | 2 | |a Αππιδάκι βουνό μου |
| 740 | 0 | 2 | |a Δεκαπεντασύλλαβοι του Δεκαπενταύγουστου |
| 740 | 0 | 2 | |a Ωδή αναστάσιμη |
| 740 | 0 | 2 | |a Το πορτραίτο της ωραίας Χαρίκλειας |
| 740 | 0 | 2 | |a Εξάστιχα του ξαγρυπνισμένου καλοκαιριού |
| 740 | 0 | 2 | |a Ρεμβασμοί του στερνού Ιουλίου |
| 852 | |a INST |b RHODES |e 19970311 |h 889.14 ΛΥΣ |p 005400010656 |q 005400010656 |t BK |y 0 | ||
| 909 | |a Ρ |b 022271 |c 1992 | ||
| 970 | |z 2000/06/ΟΙΚΟΝΟΜΟΠΟΥΛΟΥ (SUBJECT) | ||